Aspectos Negativos do Conflito Organizacional e a Sua Influência no Cumprimento das tarefas na Organização: Caso Sexta Região Tributr̀ia ( Cunene e Cuando Cubango)) (Record no. 2256)
[ view plain ]
| 000 -Etiqueta do registo | |
|---|---|
| Campo de controlo de comprimento fixo | 00790 a2200205 4500 |
| 020 ## - ISBN (NÚMERO DE LIVRO PADRÃO INTERNACIONAL) | |
| ISBN | S/N |
| 040 ## - Fonte de Catalogação | |
| Agência de catalogação | Biblioteca de Posgraduação- Universidade Lusíada de Angola |
| 082 ## - DEWEY DECIMAL CLASSIFICATION NUMBER | |
| Classificador- CDU | 043.2 658/MOR/A |
| Prateleira/Colocação | 3 |
| 100 ## - Nome Pessoal | |
| 9 (RLIN) | 1076 |
| Autor | MORGADO, Vanusa Cristina Amaral Gomes |
| 245 ## - Declaração de Título | |
| Título | Aspectos Negativos do Conflito Organizacional e a Sua Influência no Cumprimento das tarefas na Organização: Caso Sexta Região Tributr̀ia ( Cunene e Cuando Cubango)) |
| 246 ## - Variantes do título | |
| Título proposto/título curto | Dissertação para Obtenção do Tt̕ulo Académico de Mestre em Gestão de Recursos Humanos |
| 250 ## - Indicação da edição | |
| Edição | S/N |
| 260 ## - Publicação e Destribuíção | |
| Local de edição/distribuição | Luanda |
| Editor/distribuidor | S/Edit |
| Data de edição/distribuição | 2018 |
| 300 ## - Descrição Física | |
| Nº Pág. | 72p. |
| 600 #0 - Nome pessoal | |
| Autor | MORGADO, Vanusa Cristina Amaral Gomes |
| 650 ## - MATERIA | |
| MATERIA | Gestoão de Recursos Humanos |
| 700 ## - Entrada secundária - Nome pessoal | |
| Autor | Vanusa Cristina Amaral Comes Morgado |
| 942 ## - - Elementos de entrada adicionados (koha) | |
| Tipo de documento | Dissertações de Grado e Mestrado |
| Withdrawn status | Lost status | Source of classification or shelving scheme | Damaged status | Not for loan | Permanent Location | Current Location | Date acquired | Total Checkouts | Full call number | Date last seen | Price effective from | Koha item type |
|---|---|---|---|---|---|---|---|---|---|---|---|---|
| Dewey Decimal Classification | Biblioteca de Posgraduação- Universidade Lusíada de Angola | Biblioteca de Posgraduação- Universidade Lusíada de Angola | 24/04/2026 | 043.2 658/MOR/A | 24/04/2026 | 24/04/2026 | Dissertações de Grado e Mestrado |
